000 03439nam a2201225 a 4500
001 001546874
003 PE-LiUPU
005 20250813185719.0
007 ta
008 220607s2020 ag ad gr 001 0 spa
020 _a9780984539994
040 _aAR-BaBN
_bspa
_cPE-LiUPU
_erda
_dPE-LiUPU
041 1 _aspa
_heng
044 _aag
_car-b
082 _223
_a371.260732
_bF533n
100 1 _aFisher, Bárbara J.
_eautora
_4aut
245 1 0 _aNiños con fe :
_bcómo transmitir creencias y valores cristianos en las aulas del siglo XXI /
_cBárbara J. Fisher.
250 _aPrimera edición.
264 _aLima :
_bAdventus: Editorial Universitaria Iberoamericana,
_bFondo editorial de la Universidad Peruana Unión,
_c2015.
300 _axii, 300 páginas ;
_c22 cm.
500 _aTraducido por Víctor Korniejczuk, Raquel B. de Korniejczuk.
504 _aBibliografía: p. 283-294.
505 _aLas cosmovisiones y los docentes del siglo XXI -- Los niños del siglo XXI -- Los niños y el aprendizaje -- Cómo entender a los niños y su formación religiosa -- Aprendiendo a conocer a Dios -- La enseñanza de valores en un contexto de fe -- La organización de la clase de biblia -- Narración de historias y relatos -- Cómo experimentar a Dios en la vida -- Factores a considerar cuando se planifica una clase de biblia -- Cómo planificar, enseñar y evaluar una clase de biblia -- La fe en acción y la comunidad.
526 _aP202
526 _aP201
526 _aP163
526 _aP162
526 _aP161
526 _aP160
526 _aP148
526 _aP147
526 _aP146
526 _aP145
526 _aP144
526 _aP143
526 _aP142
526 _aP141
526 _aP140
526 _aP139
526 _aP138
526 _aP137
526 _aP136
526 _aP135
526 _aP134
526 _aP133
526 _aP129
526 _aP128
526 _aP127
526 _aP120
526 _aP119
526 _aP118
526 _aP116
526 _aP115
526 _aP114
526 _aP110
526 _aP109
526 _aP108
526 _aP104
526 _aP103
526 _aP102
526 _aP99
526 _aP98
526 _aP97
526 _aP96
526 _aP95
526 _aP93
526 _aP90
526 _aP89
526 _aP88
526 _aP83
526 _aP82
526 _aP62
526 _aP59
526 _aP58
526 _aP57
526 _aP51
526 _aP49
526 _aP48
526 _aP47
526 _aP29
526 _aP24
526 _aP20
526 _aP19
526 _aP17
526 _aP15
526 _aP14
526 _aP12
526 _aP10
526 _aP09
526 _aP08
526 _aP07
526 _aP06
526 _aP05
526 _aP04
526 _aP01
650 1 4 _aIntegración fe-enseñanza.
_95258
650 2 4 _aEducación adventista.
_95259
650 2 4 _aEducación cristiana de niños
_xEstudio y enseñanza
700 1 _aKorniejczuk, Víctor Andrés
_etraductor.
_4trl
700 _aKorniejczuk, Raquel B. de,
_etraductora.
_4ctb
_95260
700 1 _aChristian, Beverly
_econtribuidora
_4ctb
700 1 _aLudlow, Sandra
_econtribuidora
_4ctb
942 _2ddc
_cBK
_n0
999 _c62918
_d62917
980 _618226
_aJaime Vilcazán Jefe de Análisis Documental
_81
_gALBERTO SANCHEZ Responsable de Automatización